| 000 | 00586nam a2200169 a 4500 | ||
|---|---|---|---|
| 001 | 2992 | ||
| 005 | 20140414131950.0 | ||
| 008 | 060103s19uu xx 00 eng d | ||
| 020 | _a0-439-40413-4 | ||
| 050 |
_aTR 371.271 _bRe22 2002 |
||
| 245 | _aReading placement tests, 4th-6th grades. | ||
| 260 |
_aNew York : _bScholastic Professional Books, _c2002. |
||
| 300 | _a72 p. : ill. ; cm. | ||
| 520 | _aEasy assessment to determine students' levels in Phonics, vocabulary, and reading comprehension. | ||
| 650 |
_aTest and examination _xReading _xJuvenile literature. |
||
| 999 |
_c112760 _d112760 |
||